Les meilleurs buteurs de l'histoire du football - Statistiques

Statistiques générales
  • Ce quiz a été pris 163 fois
  • Le résultat moyen est 7 sur 10
Statistiques - réponses
Classement Nombre de buts Nationalité Joueurs % Correct
1 954 buts Portugal Cristiano Ronaldo
100%
2 896 buts Argentine Lionel Messi
99%
5 757 buts Brésil Pelé
95%
8 707 buts Pologne Robert Lewandowski
87%
4 760 buts Hongrie Ferenc Puskas
80%
7 720 buts Allemagne Gerd Muller
79%
10 666 buts Portugal Eusébio
74%
6 743 buts Brésil Romario
43%
3 805 buts République tchèque Josef Bican
24%
9 671 buts Pays-Bas Abe Lenstra
1%
Aucun quiz correspondant
Distribution des résultats
% des personnes avec chaque résultat
Percentile par nombre de réponses
Votre historique - résultats
Vous n’avez pas pris ce quiz